Plain Christianity and other broadcast talks. (Record no. 15873)

000 -LEADER
fixed length control field 00481nam a2200157 a 4500
001 - CONTROL NUMBER
control field :::00018317$&:&@@
003 - CONTROL NUMBER IDENTIFIER
control field OkBaRHE
005 - DATE AND TIME OF LATEST TRANSACTION
control field 20100331145706.0
008 - FIXED-LENGTH DATA ELEMENTS--GENERAL INFORMATION
fixed length control field s1956 j 000 0 eng u
040 ## - CATALOGING SOURCE
Transcribing agency
100 1# - MAIN ENTRY--PERSONAL NAME
Personal name Phillips, J. B.
245 10 - TITLE STATEMENT
Title Plain Christianity and other broadcast talks.
260 ## - PUBLICATION, DISTRIBUTION, ETC. (IMPRINT)
Place of publication, distribution, etc London
Name of publisher, distributor, etc The Epworth Press
Date of publication, distribution, etc 1956
942 ## - ADDED ENTRY ELEMENTS (KOHA)
Source of classification or shelving scheme
Koha item type Books
Copies
Price effective from Full call number Shelving location Koha item type Lost status Withdrawn status Copy number Source of classification or shelving scheme Not for loan Permanent Location Damaged status Date last seen Date acquired Barcode
2010-04-14BX 5133 .P52 P5General StacksBooks  1  RHEMA Bible Training College 2010-04-142010-04-1418317